000
00293nam a2200109Ia 4500
008
200302s9999 xx 000 0 und d
100
_a
Adam Mornement & other
245
_a
Infill New Houses for Urban Sites
260
_b
Laurence King Publishing Ltd. London
260
_c
2009
300
_a
240 P.,
999
_c
3103
_d
3103